000 00721nam a2200265Ia 4500
001 Z_5926
003 CHAP
008 220113s9999 xx 000 0 und d
010 _a169134
040 _cCHAP
082 _a636.213 L6
100 _aLópez Hernández,Delia
_9143482
245 _aPrincipios básicos del cruzamiento en bovinos.Su aplicación en los trópicos /
_cpor Delia López Hernández.
260 _aLa Habana,Cuba.Instituto de Ciencia Animal,1985
_c
300 _a115 p.;gráf.
650 _aCruzamientos
_9143483
650 _aGanado vacuno
_945425
650 _aGenética
_947469
901 _a636.213 L6
902 _aA
910 _a
942 _c1
942 _cc1
999 _c169134
_d169134